Statistics for The 100 Most Popular Hashtags on Instagram

Click here to take the quiz!

General Stats

  • This quiz has been taken 167 times
  • The average score is 16 of 100

Answer Stats

HintAnswer% Correct
91i
76%
1love
71%
3me
51%
11girl
49%
98boy
46%
33sun
46%
34food
44%
16happy
42%
36friends
41%
31like
39%
51dog
37%
69cat
36%
14follow
31%
44life
31%
52beach
30%
46family
29%
54hot
29%
29fun
28%
8beautiful
27%
17summer
27%
4tbt
27%
70music
24%
56photo
24%
30smile
24%
48my
23%
41cool
22%
37lol
22%
100best
21%
73night
21%
67black
20%
49blue
20%
65baby
19%
5cute
19%
64red
19%
88school
18%
77white
18%
32pretty
17%
97nice
16%
25nofilter
16%
26sky
16%
80yum
16%
42funny
15%
61sunset
15%
22fashion
14%
96foodporn
14%
84green
14%
62party
14%
38hair
13%
99instago
13%
92beauty
12%
57amazing
11%
28followme
11%
2instagood
11%
50pink
11%
53art
10%
83eyes
10%
59girls
10%
86sweet
10%
79yummy
10%
63awesome
9%
47christmas
9%
72likeforlike
9%
45nature
9%
78bestfriend
8%
76clouds
7%
81like4like
7%
9picoftheday
7%
74followback
6%
40swag
6%
39bored
5%
90style
5%
6photooftheday
4%
75throwbackthursday
4%
71instalove
3%
852012
2%
93harrystyles
2%
10igers
2%
12instadaily
2%
43onedirection
2%
89igaddict
1%
21igdaily
1%
20iphoneonly
1%
13iphonesia
1%
27jj
1%
58repost
1%
15tweegram
1%
87all_shots
0%
19bestoftheday
0%
94instacollage
0%
35instagramers
0%
18instagramhub
0%
60instahub
0%
7instamood
0%
95jj_forum
0%
24picstitch
0%
66statigram
0%
55tagsforlikes
0%
82textgram
0%
68versagram
0%
23webstagram
0%

Score Distribution

Percentile by Number Answered

Percent of People with Each Score

Your Score History

You have not taken this quiz